000 00548nam a2200205Ia 4500
005 20260429111943.0
008 260429s9999||||xx |||||||||||||| ||und||
020 _a9789391382223
041 _aEnglish
082 _a577.14
_bSEN
100 _aSende, Sudhakar S.
245 0 _aEnvironmental chemistry /
_cSudhakar S. Sende
250 _a1st ed.
260 _aNew Delhi :
_bSwastik Publications,
_c2025.
300 _avii, 248 p.; hb
650 _a Environmental chemistry
650 _a Green chemistry
650 _aEcology
942 _cTB
999 _c51594
_d51594